[Event "Detroit (MOR/6/54)"]
[Site "?"]
[Date "1994.??.??"]
[Round "?"]
[White "Rosebrook, G."]
[Black "Holland, K."]
[Result "0-1"]
[WhiteElo "1605"]
[BlackElo "1605"]
[PlyCount "108"]
[EventDate "1994.??.??"]

{6/(54)} 1. e4 c6 2. Nf3 d5 3. exd5 cxd5 4. Be2 Bf5 5. O-O e6 6. d4 Bd6 7. Re1
Ne7 8. Bg5 O-O 9. Nc3 Qb6 10. Nb5 Re8 11. c3 a6 12. Nxd6 Qxd6 13. Bh4 Qb6 14.
Qa4 Nbc6 15. b4 Rac8 16. Qd1 Kf8 17. Bg3 Nxb4 18. cxb4 Qxb4 19. Qb3 Qxb3 20.
axb3 Rc2 21. Bd1 Rb2 22. Re2 Rxe2 23. Bxe2 Rc8 24. h3 Rc2 25. Bd1 Rb2 26. Rc1
Nc6 27. Kh2 Be4 28. Bh4 Bxf3 29. gxf3 Rd2 30. b4 Rxd4 31. Bg3 Rxb4 32. Bd6+ Ke8
33. Bxb4 Nxb4 34. Rc7 Nd3 35. Ba4+ Kf8 36. Kg3 b5 37. Bc2 Nb4 38. Bxh7 a5 39.
Bb1 a4 40. Rc5 d4 41. Rxb5 Nd5 42. Ra5 Nc3 43. Bd3 Ke7 44. f4 f6 45. h4 Kd6 46.
h5 Kc6 47. Ra7 Kb6 48. Rxg7 a3 49. Bc4 d3 50. h6 d2 51. h7 d1=Q 52. Kg2 Qh5 53.
Bxe6 a2 54. Bf7 Qh6 0-1

[Event "Romulus (RVO/1/5)"]
[Site "?"]
[Date "1994.??.??"]
[Round "?"]
[White "Rosebrook, G."]
[Black "Dean, Ji"]
[Result "0-1"]
[WhiteElo "1605"]
[BlackElo "2120"]
[PlyCount "62"]
[EventDate "1994.??.??"]

{1/(5)} 1. e4 c5 2. Nf3 Nc6 3. c3 d5 4. Qc2 dxe4 5. Qxe4 Nf6 6. Qc2 g6 7. d3
Bg7 8. Be2 O-O 9. Bf4 Nd5 10. Bg3 e5 11. Nbd2 Re8 12. Ne4 b6 13. O-O h6 14.
Rad1 f5 15. Ned2 f4 16. Bh4 g5 17. Bxg5 hxg5 18. Ne4 g4 19. Nfg5 Bh6 20. h4
gxh3 21. Nxh3 Qh4 22. d4 exd4 23. Nd6 Re6 24. Nf5 Qf6 25. Bg4 Re5 26. Rfe1 Bxf5
27. Bxf5 Qxf5 28. Qxf5 Rxf5 29. Re6 Rf6 30. Rde1 Kf7 31. R6e5 Nxe5 0-1

[Event "Detroit (MOR/2/52)"]
[Site "?"]
[Date "1994.??.??"]
[Round "?"]
[White "Rosebrook, G."]
[Black "Charette, B."]
[Result "1/2-1/2"]
[WhiteElo "1605"]
[BlackElo "1605"]
[PlyCount "120"]
[EventDate "1994.??.??"]

{2/(52)} 1. e4 e5 2. Nf3 Nf6 3. Nc3 Bb4 4. Bd3 O-O 5. Nxe5 d6 6. Nf3 Bg4 7. h3
Bxf3 8. Qxf3 Nc6 9. O-O Nd4 10. Qe3 c5 11. Ne2 Nxe2+ 12. Qxe2 d5 13. c3 Ba5 14.
Bc2 Bc7 15. d3 Qd6 16. f4 g5 17. e5 Qe7 18. Qf3 Nd7 19. d4 cxd4 20. Qh5 f6 21.
cxd4 Bb6 22. Qf3 Bxd4+ 23. Qe3 Bxe3+ 24. Bxe3 gxf4 25. Rxf4 fxe5 26. Rg4+ Kh8
27. Bb3 d4 28. Bg5 Qc5 29. Rc1 Qb6 30. Kh2 h6 31. Rh4 Qb4 32. Bxh6 Qe7 33. Bg5+
Qh7 34. Rxh7+ Kxh7 35. Rc7 Kg6 36. h4 Nb6 37. Bc2+ Rf5 38. g4 Raf8 39. Rxb7 Nd5
40. Rxa7 Ne3 41. Ra6+ Kg7 42. Bh6+ Kg8 43. Bb3+ Kh8 44. gxf5 Rxf5 45. Ra8+ Kh7
46. Bxe3 dxe3 47. Bc4 Rf2+ 48. Kg3 Rxb2 49. Kf3 Rb4 50. Bd3+ e4+ 51. Kxe3 exd3
52. Kxd3 Kg7 53. Kc3 Rxh4 54. Rd8 Kf7 55. Rd3 Ra4 56. Kb3 Ra8 57. a3 Ke7 58.
Rd4 Rd8 59. Rb4 Kd7 60. Kc3 Kc7 1/2-1/2

[Event "Eastpointe (US Am N/4/7)"]
[Site "?"]
[Date "1994.??.??"]
[Round "?"]
[White "Rosebrook, G."]
[Black "Ball, Ed"]
[Result "0-1"]
[WhiteElo "1605"]
[BlackElo "1995"]
[PlyCount "56"]
[EventDate "1994.??.??"]

{4/(7)} 1. e4 f5 2. exf5 e5 3. fxe6 d5 4. Nf3 Nf6 5. Ne5 Bxe6 6. Be2 Bd6 7. d4
O-O 8. c3 c5 9. Nd2 Nc6 10. Ndf3 Qc7 11. Bf4 Ne4 12. Bg3 Nxg3 13. hxg3 Nxe5 14.
Qc2 Nxf3+ 15. gxf3 Bf5 16. Bd3 Rae8+ 17. Kf1 g6 18. Kg2 cxd4 19. c4 Bxd3 20.
Qxd3 Qxc4 21. Rhd1 Bc5 22. Qb1 Re2 23. Rc1 Qb5 24. b3 d3 25. Rxc5 Qxc5 26. Qxd3
Qxf2+ 27. Kh3 Qh2+ 28. Kg4 Qh5# 0-1

[Event "Eastpointe (EDO/1a/10)"]
[Site "?"]
[Date "1994.??.??"]
[Round "?"]
[White "Roome, E."]
[Black "Ward, Tim"]
[Result "0-1"]
[WhiteElo "1605"]
[BlackElo "1890"]
[PlyCount "128"]
[EventDate "1994.??.??"]

1. e4 e6 2. d3 d5 3. Nd2 c5 4. Ngf3 Nc6 5. g3 Nf6 6. Bg2 Be7 7. O-O O-O 8. c3
Qc7 9. Re1 Bd6 10. Qe2 dxe4 11. dxe4 e5 12. Nc4 Be7 13. h3 b5 14. Ne3 Be6 15.
Nh4 Rfd8 16. Nef5 Bc4 17. Nxe7+ Nxe7 18. Qf3 Rd3 19. Be3 Rad8 20. Rad1 Bxa2 21.
Rxd3 Rxd3 22. Bf1 Rd8 23. Bxb5 Be6 24. Bf1 Qb6 25. Bc1 Qb3 26. Qe2 c4 27. Nf3
Qb5 28. Ng5 Rc8 29. Nxe6 fxe6 30. Bg5 Kf7 31. Ra1 a5 32. Qc2 Rb8 33. Bc1 Nc8
34. Ra4 Nd6 35. f3 Nd7 36. Ra1 Nc5 37. Rb1 Nd3 38. Be3 a4 39. Ra1 Nxb2 40. Rb1
a3 41. Bc1 Qb3 42. Qd2 Qb6+ 43. Kg2 h6 44. Be2 Ke7 45. Bd1 Qb5 46. Ra1 Rd8 47.
Rxa3 Nxd1 48. Qxd1 Nb7 49. Qc2 Nc5 50. Be3 Nd3 51. Kf1 Nc5 52. Bxc5+ Qxc5 53.
Qb2 Qe3 54. Ra1 Qxf3+ 55. Qf2 Qh1+ 56. Qg1 Rf8+ 57. Ke2 Qf3+ 58. Kd2 Qd3+ 59.
Ke1 Qxc3+ 60. Ke2 Qd3+ 61. Ke1 Qxe4+ 62. Kd2 Rd8+ 63. Kc3 Qd3+ 64. Kb4 Qb3+ 0-1

[Event "Eastpointe (EDO/4/19)"]
[Site "?"]
[Date "1994.??.??"]
[Round "?"]
[White "Roome, E."]
[Black "Rosenberg, Steve"]
[Result "0-1"]
[WhiteElo "1605"]
[BlackElo "1735"]
[PlyCount "112"]
[EventDate "1994.??.??"]

{4/(19)} 1. e4 Nf6 2. d3 d5 3. Nd2 e5 4. Ngf3 Nc6 5. g3 Bg4 6. Bg2 dxe4 7. dxe4
Bc5 8. O-O Qe7 9. c3 Rd8 10. Qc2 O-O 11. Nb3 Bb6 12. Bg5 h6 13. Bd2 Rd7 14. Nh4
Rfd8 15. Nf5 Bxf5 16. exf5 a5 17. a4 Rd6 18. Rae1 Nd7 19. Re2 Nc5 20. Nxc5 Bxc5
21. Be3 Bxe3 22. fxe3 Qd7 23. e4 b6 24. Ref2 f6 25. h4 Qf7 26. Bf3 Qc4 27. Be2
Qc5 28. Rd1 Nd4 29. Rxd4 exd4 30. Qb3+ Kh8 31. c4 d3 32. Bd1 Qe3 33. Kg2 Qxe4+
34. Bf3 Qxf5 35. Rd2 Qe5 36. Qd1 Qc5 37. b3 Qe3 38. Bd5 c6 39. Bf3 Re8 40. Bh5
Qe4+ 41. Bf3 Qe1 42. Bh5 Qxd1 43. Bxd1 g5 44. hxg5 fxg5 45. Bh5 Rf8 46. Bf3 Kg7
47. Be4 g4 48. Rxd3 Rxd3 49. Bxd3 h5 50. Be4 c5 51. Bd5 Kh6 52. Bb7 Kg5 53. Bd5
h4 54. gxh4+ Kxh4 55. Bb7 g3 56. Bf3 Rxf3 0-1

[Event "Eastpointe (EDO/5/24)"]
[Site "?"]
[Date "1994.??.??"]
[Round "?"]
[White "Roome, E."]
[Black "Gentry, Bronson"]
[Result "1-0"]
[WhiteElo "1605"]
[BlackElo "1605"]
[PlyCount "43"]
[EventDate "1994.??.??"]

{5/(24)} 1. e4 e5 2. Nf3 Nc6 3. Bc4 d6 4. d3 Be7 5. Nc3 Bg4 6. h3 Bh5 7. Nd5
Nd4 8. g4 Nxf3+ 9. Qxf3 Bg6 10. Nxe7 Nxe7 11. h4 h6 12. h5 Bxh5 13. gxh5 Rf8
14. Rg1 g6 15. Bxh6 Rg8 16. Qxf7+ Kd7 17. Qe6+ Ke8 18. hxg6 c6 19. O-O-O b5 20.
Qf7+ Kd7 21. Be6+ Kc7 22. g7 {[Remainder illegible; 1-0, 32?]} 1-0

[Event "Detroit (MCO/DEU/6/16)"]
[Site "?"]
[Date "1994.??.??"]
[Round "?"]
[White "Roggenbuck, B."]
[Black "Witz, B."]
[Result "1-0"]
[WhiteElo "1605"]
[BlackElo "1605"]
[PlyCount "71"]
[EventDate "1994.??.??"]

{6/(16)} 1. e4 e5 2. Nf3 Nc6 3. Bc4 Bc5 4. b4 Bxb4 5. c3 Bc5 6. Qb3 Nh6 7. d3
O-O 8. Bxh6 gxh6 9. Qd1 d6 10. h3 Na5 11. Nbd2 c6 12. d4 Nxc4 13. Nxc4 exd4 14.
cxd4 Bb4+ 15. Ke2 d5 16. Rb1 a5 17. Ncd2 Qe7 18. e5 Bc3 19. Rb3 Bxd4 20. Re1 f6
21. e6 Qxe6+ 22. Kf1 Qd6 23. Nxd4 Qh2 24. N2f3 Qh1+ 25. Ng1 c5 26. Ndf3 Bf5 27.
Qxd5+ Rf7 28. Qxf5 Rg7 29. g3 b6 30. Rbe3 Rf8 31. Qd5+ Kh8 32. Re8 Rfg8 33.
Rxg8+ Rxg8 34. Re7 b5 35. Qf7 Rg6 36. Qxh7# 1-0

[Event "Detroit (MCO/DEU/4/14)"]
[Site "?"]
[Date "1994.??.??"]
[Round "?"]
[White "Roggenbuck, B."]
[Black "Prince, S."]
[Result "0-1"]
[WhiteElo "1605"]
[BlackElo "1605"]
[PlyCount "68"]
[EventDate "1994.??.??"]

{4/(14)} 1. e4 c5 2. Nf3 d6 3. d4 cxd4 4. Nxd4 Nf6 5. Nc3 g6 6. Bc4 Bg7 7. Bg5
O-O 8. O-O Bd7 9. Re1 Nc6 10. Nxc6 Bxc6 11. h3 a6 12. Qd2 b5 13. Bb3 Qd7 14.
Re2 Rac8 15. Rae1 Rfd8 16. Qf4 d5 17. e5 Nh5 18. Qb4 Re8 19. e6 fxe6 20. Rxe6
Bf6 21. Bxf6 exf6 22. Re7 a5 23. Rxd7 Rxe1+ 24. Kh2 axb4 25. Bxd5+ Bxd5 26.
Nxd5 Rxc2 27. Nxb4 Rce2 28. Nd3 Rd2 29. g4 Nf4 30. Rd8+ Kg7 31. Rd7+ Kh6 32.
Rf7 Nxd3 33. Rxf6 Nxf2 34. Kg3 Ne4+ 0-1

[Event "Detroit (MCO/DEU/1b/3)"]
[Site "?"]
[Date "1994.??.??"]
[Round "?"]
[White "Roggenbuck, B."]
[Black "Nolan, Brian"]
[Result "0-1"]
[WhiteElo "1605"]
[BlackElo "1605"]
[PlyCount "106"]
[EventDate "1994.??.??"]

1. e4 c5 2. Nf3 d6 3. Nc3 Nf6 4. Bc4 g6 5. h3 Bg7 6. d3 O-O 7. O-O a6 8. a3 Nc6
9. Re1 b5 10. Ba2 b4 11. Nd5 bxa3 12. Rb1 axb2 13. Bxb2 Nb4 14. Bb3 Nbxd5 15.
exd5 Bb7 16. c4 Rb8 17. d4 cxd4 18. Bxd4 Nd7 19. Bxg7 Kxg7 20. Qd4+ Kg8 21. Bc2
Ba8 22. Rxb8 Nxb8 23. c5 dxc5 24. Qxc5 Bxd5 25. Rd1 e6 26. Bb3 Qc8 27. Qxc8
Rxc8 28. Bxd5 exd5 29. Rxd5 Kg7 30. Ne5 Nc6 31. f4 Nxe5 32. fxe5 Rc6 33. Rd6
Rxd6 34. exd6 Kf6 35. d7 Ke7 36. d8=Q+ Kxd8 37. Kf2 Kd7 38. Ke3 Ke6 39. Kd4 Kf5
40. Kc5 Kf4 41. Kb6 Kg3 42. Kxa6 Kxg2 43. Kb6 Kxh3 44. Kc6 g5 45. Kd6 g4 46.
Ke7 g3 47. Kxf7 g2 48. Kg7 g1=Q+ 49. Kxh7 Qg5 50. Kh8 Kg4 51. Kh7 Kf5 52. Kh8
Kf6 53. Kh7 Qg7# 0-1

[Event "Detroit (Class C/2/13)"]
[Site "?"]
[Date "1994.??.??"]
[Round "?"]
[White "Rodriguez, Juan"]
[Black "Wheeler, R."]
[Result "1-0"]
[WhiteElo "1605"]
[BlackElo "1605"]
[PlyCount "165"]
[EventDate "1994.??.??"]

{2/(13)} 1. e4 d6 2. d4 g6 3. Nc3 Bg7 4. Be3 c6 5. Qd2 Nf6 6. f3 Nbd7 7. Bc4
Nb6 8. Bb3 Be6 9. Bh6 O-O 10. Bxg7 Kxg7 11. h4 Bxb3 12. axb3 e5 13. g4 Rh8 14.
h5 h6 15. hxg6 fxg6 16. Nge2 Qe7 17. O-O-O Rad8 18. Rdg1 exd4 19. Qxd4 Qe5 20.
Qxe5 dxe5 21. g5 hxg5 22. Rxh8 Rxh8 23. Rxg5 Rh1+ 24. Kd2 Nbd7 25. f4 Kh6 26.
Rg2 exf4 27. Nxf4 Ne5 28. Nd3 Rh5 29. Ke3 Nfg4+ 30. Ke2 Rh3 31. Nd1 g5 32. Nxe5
Nxe5 33. Nf2 Rh4 34. Ke3 Kg6 35. Nd3 Nxd3 36. cxd3 Rh3+ 37. Ke2 Kf6 38. Rf2+
Ke6 39. Kd2 g4 40. Rg2 g3 41. Ke3 Rh2 42. Kf3 Rh1 43. Rxg3 Rf1+ 44. Ke3 Re1+
45. Kd4 Rb1 46. Rg7 Rxb2 47. Rxb7 a5 48. Ra7 Rxb3 49. Rxa5 Rb4+ 50. Ke3 Rb3 51.
Rc5 Kd6 52. Rc4 Rb1 53. Kd4 Re1 54. Rc5 Rd1 55. Rc3 Re1 56. Rc5 Rd1 57. Rg5 Re1
58. Rg6+ Kd7 59. Rg3 Ke6 60. Rg5 Rd1 61. Rg6+ Kd7 62. e5 Re1 63. Rd6+ Kc7 64.
Rg6 Rd1 65. Rg7+ Kd8 66. Rg3 Ke7 67. Re3 Rc1 68. Ke4 Ke6 69. d4 Rc4 70. Kd3 Ra4
71. Re1 Kd5 72. e6 Rxd4+ 73. Kc3 Rc4+ 74. Kb3 Rh4 75. e7 Rh3+ 76. Kb4 Rh4+ 77.
Ka5 Rh8 78. e8=Q Rxe8 79. Rxe8 Kc5 80. Rd8 Kc4 81. Kb6 c5 82. Rc8 Kd4 83. Rxc5
1-0

[Event "Detroit (Class C/3/8)"]
[Site "?"]
[Date "1994.??.??"]
[Round "?"]
[White "Rodriguez, Juan"]
[Black "McFolley, John"]
[Result "0-1"]
[WhiteElo "1605"]
[BlackElo "1605"]
[PlyCount "96"]
[EventDate "1994.??.??"]

{3/(8)} 1. d4 Nf6 2. c4 e6 3. Nf3 d5 4. g3 Bb4+ 5. Bd2 Qd6 6. Nc3 Bxc3 7. Bxc3
O-O 8. Bg2 dxc4 9. a3 Nbd7 10. O-O c5 11. Ne5 cxd4 12. Nxd7 Nxd7 13. Bxd4 e5
14. Bc3 Qa6 15. Qc2 Rb8 16. Rad1 b5 17. Bb4 Re8 18. Bh3 Nf6 19. Bg2 Rb6 20. Rd2
Ng4 21. h3 Nh6 22. Rfd1 Be6 23. Bc5 Rbb8 24. Rd6 Qa5 25. Kh2 Nf5 26. R6d2 Red8
27. Be4 Rxd2 28. Rxd2 g6 29. Bxf5 Bxf5 30. Qc1 a6 31. Be7 Kg7 32. Rd1 Qb6 33.
Kg2 Qe6 34. g4 Be4+ 35. f3 Bxf3+ 36. Kxf3 Qxe7 37. Qd2 Re8 38. Qd6 Qxd6 39.
Rxd6 Re6 40. Rxe6 fxe6 41. Kf2 Kf7 42. Ke3 a5 43. Ke4 Kf6 44. h4 b4 45. g5+ Ke7
46. Kxe5 c3 47. axb4 axb4 48. Kd4 c2 0-1

[Event "Detroit (MOR/5/54)"]
[Site "?"]
[Date "1994.??.??"]
[Round "?"]
[White "Rodriguez, James"]
[Black "Vaughn, Gerald"]
[Result "0-1"]
[WhiteElo "1605"]
[BlackElo "1605"]
[PlyCount "78"]
[EventDate "1994.??.??"]

{5/(54)} 1. e4 c5 2. b3 Nc6 3. Bb2 d6 4. g3 Nf6 5. Bxf6 gxf6 6. Nf3 Bg4 7. Bg2
f5 8. h3 Bxf3 9. Bxf3 fxe4 10. Bxe4 d5 11. Bd3 Bg7 12. Nc3 e6 13. Bb5 Rc8 14.
Qg4 Bd4 15. O-O-O Qa5 16. Rhe1 Bxc3 17. Rxe6+ Kf8 18. a4 fxe6 19. dxc3 Qxc3 20.
Qxe6 Re8 21. Qf5+ Ke7 22. Qxd5 Qa1+ 23. Kd2 Qxd1+ 24. Kxd1 Rd8 25. Bc4 Rxd5+
26. Bxd5 Rd8 27. c4 Na5 28. f4 Nxb3 29. g4 Na5 30. g5 Nxc4 31. Ke2 Rxd5 32. Kf3
Rf5 33. Kg4 Ne3+ 34. Kf3 Nc2 35. Kg4 Nd4 36. h4 c4 37. h5 c3 38. g6 hxg6 39.
hxg6 Kf6 0-1

[Event "Detroit (MOR/3/65)"]
[Site "?"]
[Date "1994.??.??"]
[Round "?"]
[White "Rodriguez, James"]
[Black "Raupp, Sarah"]
[Result "0-1"]
[WhiteElo "1605"]
[BlackElo "1605"]
[PlyCount "80"]
[EventDate "1994.??.??"]

{3/(65)} 1. e4 e6 2. Nf3 d5 3. e5 Nc6 4. c4 Bc5 5. Bd3 Nge7 6. Nc3 dxc4 7. Bxc4
O-O 8. d3 b6 9. Ne4 Nd4 10. O-O Bb7 11. Nxc5 bxc5 12. h4 Nef5 13. Bg5 Qd7 14.
Kh2 f6 15. exf6 gxf6 16. Bf4 Rf7 17. Nxd4 cxd4 18. g3 Qc6 19. Rg1 Rg7 20. Qb3
Nxh4 21. Bxe6+ Kh8 22. Bh3 Nf3+ 23. Kg2 Nd2+ 24. Kh2 Nxb3 25. axb3 Qc2 26. Rg2
Re8 27. Rf1 Bxg2 28. Bxg2 Re2 29. Kg1 Rge7 30. Ra1 Rxf2 31. Rxa7 Re1+ 32. Kh2
Rxg2+ 33. Kh3 Rh1+ 34. Kg4 Qf2 35. Kf5 Rh5+ 36. Kxf6 Rxg3 37. Ra8+ Rg8 38.
Rxg8+ Kxg8 39. b4 Qxf4+ 40. Ke6 Qd6# 0-1

[Event "Detroit (MOR/1a/35)"]
[Site "?"]
[Date "1994.??.??"]
[Round "?"]
[White "Rodriguez, James"]
[Black "Nikitin, Mike"]
[Result "0-1"]
[WhiteElo "1605"]
[BlackElo "1605"]
[PlyCount "80"]
[EventDate "1994.??.??"]

1. e4 e6 2. Nc3 d5 3. d4 Nf6 4. Bd3 c5 5. Nf3 Nc6 6. Qe2 cxd4 7. Nd1 Bb4+ 8. c3
dxc3 9. bxc3 Bc5 10. h3 O-O 11. e5 Nd7 12. Bd2 a6 13. O-O b5 14. Ng5 g6 15. Be3
Bxe3 16. Nxe3 Qxg5 17. f4 Qe7 18. Ng4 Kg7 19. Rf3 h5 20. Ne3 Bb7 21. f5 Ncxe5
22. Rf4 Nxd3 23. Qxd3 exf5 24. Nxf5+ gxf5 25. Rxf5 Rh8 26. Qg3+ Kf8 27. Raf1
Rh7 28. R1f4 h4 29. Qg6 Qe1+ 30. Rf1 Qe3+ 31. R5f2 Rg7 32. Qd6+ Ke8 33. Qf4
Qxf4 34. Rxf4 d4 35. Re1+ Kd8 36. Rf2 dxc3 37. Rd1 Rxg2+ 38. Rxg2 Bxg2 39. Kxg2
c2 40. Rc1 Rc8 0-1

[Event "Detroit (MOR/6/63)"]
[Site "?"]
[Date "1994.??.??"]
[Round "?"]
[White "Rodriguez, James"]
[Black "Fleshman, Justin"]
[Result "1-0"]
[WhiteElo "1605"]
[BlackElo "1605"]
[PlyCount "83"]
[EventDate "1994.??.??"]

{6/(63)} 1. h4 e6 2. f4 Qf6 3. g3 e5 4. e3 Bc5 5. fxe5 Qxe5 6. Ne2 Qd5 7. Rh2
Bd6 8. Nf4 Bxf4 9. exf4 Nf6 10. Re2+ Ne4 11. Bg2 O-O 12. Rxe4 f5 13. Re2 Qd4
14. Bf1 Qg1 15. Re3 d6 16. Qe2 Bd7 17. Qc4+ Kh8 18. Qxc7 Bc6 19. d3 Na6 20.
Qxd6 Rae8 21. Nc3 Qxg3+ 22. Kd1 Bf3+ 23. Ne2 Bxe2+ 24. Rxe2 h6 25. Bd2 Qxh4 26.
c3 Rd8 27. Qa3 Qg4 28. Kc2 h5 29. c4 h4 30. Rae1 h3 31. Qe7 Qh5 32. Rh2 Qf7 33.
Qh4+ Kg8 34. Rxh3 Qd7 35. Qh8+ Kf7 36. Qh5+ Kg8 37. b3 b5 38. Bg2 bxc4 39. Bc3
cxd3+ 40. Kd2 Nc5 41. Qh8+ Kf7 42. Qxg7# 1-0

[Event "Detroit (MOR/2/59)"]
[Site "?"]
[Date "1994.??.??"]
[Round "?"]
[White "Rodriguez, Brian"]
[Black "Worley, Ron"]
[Result "0-1"]
[WhiteElo "1605"]
[BlackElo "1605"]
[PlyCount "76"]
[EventDate "1994.??.??"]

{2/(59)} 1. e4 e5 2. Nf3 Nc6 3. Nc3 Bc5 4. Bc4 Nf6 5. h3 O-O 6. d3 Rb8 7. Qe2
d6 8. Be3 Bb4 9. Qd2 d5 10. O-O-O d4 11. a3 dxe3 12. fxe3 Bxc3 13. Qxc3 Qd6 14.
Qb3 Be6 15. Ng5 Bxc4 16. Qxc4 b5 17. Qb3 Qc5 18. Rh2 Qxe3+ 19. Kb1 Qxg5 20. h4
Qg3 21. Rhh1 Qf2 22. Rhg1 Qe2 23. Rge1 Qh5 24. Qc3 Rfd8 25. Qxc6 Rd7 26. Qa6 c5
27. Qc6 c4 28. dxc4 Rxd1+ 29. Rxd1 Qxd1+ 30. Ka2 Qxc2 31. Qd6 Qxc4+ 32. b3 Qc8
33. Qxe5 Qe8 34. Qc7 Rc8 35. Qxa7 Qxe4 36. Qa6 Qc2+ 37. Ka1 Qc1+ 38. Ka2 Rc2#
0-1

[Event "Detroit (MOR/4/66)"]
[Site "?"]
[Date "1994.??.??"]
[Round "?"]
[White "Rodriguez, Brian"]
[Black "Rucker, Ed"]
[Result "1-0"]
[WhiteElo "1605"]
[BlackElo "1605"]
[PlyCount "99"]
[EventDate "1994.??.??"]

{4/(66)} 1. e4 e5 2. Nf3 Nc6 3. Bc4 h6 4. Nc3 Nf6 5. d4 exd4 6. Nxd4 Nxd4 7.
Qxd4 c5 8. Qe3 Be7 9. O-O d6 10. Nd5 Nxd5 11. Bxd5 O-O 12. Qb3 Rb8 13. Qa4 a6
14. Bd2 b5 15. Qb3 c4 16. Qf3 Be6 17. Bxe6 fxe6 18. Qg4 e5 19. Rae1 Bg5 20. Bb4
a5 21. Qe6+ Kh8 22. Bxd6 Qf6 23. Qxf6 Bxf6 24. Bxf8 Rxf8 25. b3 Rc8 26. a4 b4
27. Rd1 c3 28. Rd5 Ra8 29. Rfd1 Kh7 30. h3 Bg5 31. Rxe5 Bd2 32. Kf1 Kg6 33.
Re6+ Kf7 34. Rc6 Re8 35. Ke2 Rxe4+ 36. Kd3 Re7 37. Kc4 Re2 38. Kb5 Re5+ 39. Kb6
Ke7 40. Rc5 Re2 41. Rh1 Rxf2 42. Kxa5 Rxg2 43. Kxb4 Kd6 44. Rc8 Bg5 45. a5 Rxc2
46. a6 Bf6 47. a7 Re2 48. a8=Q c2 49. Qa6+ Ke5 50. Qxe2+ 1-0

[Event "Detroit (MOR/7/49)"]
[Site "?"]
[Date "1994.??.??"]
[Round "?"]
[White "Rodriguez, Brian"]
[Black "Aldrich, Justin"]
[Result "0-1"]
[WhiteElo "1605"]
[BlackElo "1605"]
[PlyCount "86"]
[EventDate "1994.??.??"]

{7/(49)} 1. e4 e5 2. Nf3 d6 3. Bc4 Nf6 4. Nc3 Be7 5. d3 h6 6. Be3 Bg4 7. h3 Bh5
8. Qe2 Nc6 9. O-O-O a6 10. Bd5 Na5 11. Bc4 b5 12. Bd5 c6 13. Bb3 Nxb3+ 14. cxb3
b4 15. Na4 Qc7 16. Kb1 O-O 17. g4 Bg6 18. h4 Nxg4 19. h5 Nxe3 20. Qxe3 Bh7 21.
Rh2 Rfe8 22. Rg1 Kh8 23. Rhg2 Bf6 24. Nh4 Qd7 25. Nb6 Qa7 26. Nf5 Bxf5 27. exf5
Rab8 28. Rg4 Qxb6 29. Qg3 Rg8 30. Qe3 Qxe3 31. fxe3 Rb5 32. Rc4 Rc8 33. Rgc1 c5
34. d4 exd4 35. exd4 Bxd4 36. R4c2 Re8 37. Rf1 Rb7 38. Rfc1 Re3 39. a3 bxa3 40.
bxa3 Rbxb3+ 41. Ka2 Rxa3+ 42. Kb1 Reb3+ 43. Rb2 Rxb2# 0-1

[Event "Detroit (MOR/2/60)"]
[Site "?"]
[Date "1994.??.??"]
[Round "?"]
[White "Rodriguez, Brent"]
[Black "Quander, K."]
[Result "0-1"]
[WhiteElo "1605"]
[BlackElo "1605"]
[PlyCount "80"]
[EventDate "1994.??.??"]

{2/(60)} 1. d4 Nf6 2. Nf3 e6 3. Nc3 c5 4. dxc5 Bxc5 5. e4 Ng4 6. Ke2 Nxf2 7.
Qe1 Nxh1 8. Bf4 Nf2 9. Nb5 d6 10. Rd1 Nxd1 11. Qxd1 e5 12. Bg5 f6 13. Be3 Bxe3
14. Kxe3 Qb6+ 15. Kd2 O-O 16. Na3 Bg4 17. Bc4+ Kh8 18. Qe2 Bxf3 19. gxf3 Nc6
20. Qd3 Qd4 21. Nb5 Qxd3+ 22. cxd3 Nd4 23. Nc7 Rac8 24. Ne6 Nxe6 25. Bxe6 Rc5
26. d4 exd4 27. f4 Re8 28. f5 Rxe6 29. fxe6 Re5 30. Kd3 Rxe6 31. Kxd4 g6 32. h4
f5 33. exf5 gxf5 34. Kd5 Re2 35. Kxd6 f4 36. b4 f3 37. b5 f2 38. a4 f1=Q 39. a5
Qc1 40. b6 Qc6# 0-1

[Event "Detroit (MOR/5/64)"]
[Site "?"]
[Date "1994.??.??"]
[Round "?"]
[White "Rodriguez, Brent"]
[Black "Anderson, JE."]
[Result "0-1"]
[WhiteElo "1605"]
[BlackElo "1605"]
[PlyCount "60"]
[EventDate "1994.??.??"]

{5/(64)} 1. d4 Nf6 2. Nc3 g6 3. e4 d6 4. Bf4 Bg7 5. e5 Nh5 6. g3 Nxf4 7. gxf4
Nc6 8. Nf3 Bf5 9. exd6 cxd6 10. Rg1 O-O 11. Bc4 Rc8 12. Ng5 e6 13. Nb5 a6 14.
Na7 Nxa7 15. Bxe6 fxe6 16. d5 Re8 17. dxe6 Bxe6 18. Nxe6 Rxe6+ 19. Kf1 Qh4 20.
Rg4 Qxh2 21. Rg2 Qxf4 22. b3 Rf8 23. c4 Bd4 24. Rb1 Bxf2 25. Qe2 Rxe2 26. Kxe2
Qe4+ 27. Kf1 Qxb1+ 28. Ke2 Qxa2+ 29. Kd3 Qxb3+ 30. Ke4 Qxc4# 0-1

[Event "Gaylord (NMO/2/11)"]
[Site "?"]
[Date "1994.??.??"]
[Round "?"]
[White "Robinson, Erik"]
[Black "Garrison, Ray"]
[Result "0-1"]
[WhiteElo "1605"]
[BlackElo "1915"]
[PlyCount "40"]
[EventDate "1994.??.??"]

{2/(11)} 1. e4 e6 2. Nf3 d5 3. d3 dxe4 4. Ng5 exd3 5. Qf3 Nf6 6. Bxd3 Bb4+ 7.
Bd2 Be7 8. Nc3 Nc6 9. Nce4 Ne5 10. Nxf6+ gxf6 11. Qg3 Nxd3+ 12. cxd3 fxg5 13.
Bc3 f6 14. h4 Rg8 15. Qg4 Qxd3 16. Rd1 e5 17. Qa4+ Bd7 18. Qb3 Qe4+ 19. Kf1
O-O-O 20. Qf7 Bb5+ 0-1

[Event "Gaylord (NMO/4/13)"]
[Site "?"]
[Date "1994.??.??"]
[Round "?"]
[White "Robinson, Erik"]
[Black "Dohm, F."]
[Result "1-0"]
[WhiteElo "1605"]
[BlackElo "1605"]
[PlyCount "51"]
[EventDate "1994.??.??"]

{4/(13)} 1. d4 b6 2. d5 Bb7 3. Nc3 g6 4. e4 Bg7 5. Bf4 Nf6 6. h4 d6 7. Qd2 Ng4
8. Be2 Nxf2 9. Kxf2 c6 10. Bh6 Bf6 11. Rf1 cxd5 12. exd5 Nd7 13. b4 a6 14. Ne4
Be5 15. Nf3 a5 16. Bb5 axb4 17. Nxe5 dxe5 18. Kg1 Ra5 19. Bc6 Bc8 20. Bg7 Rg8
21. Qh6 e6 22. Bf6 Qc7 23. Qxh7 Rf8 24. h5 g5 25. Bxg5 exd5 26. Nf6+ 1-0

[Event "Detroit (MOR/5/52)"]
[Site "?"]
[Date "1994.??.??"]
[Round "?"]
[White "Robes, S."]
[Black "Raupp, Sarah"]
[Result "1-0"]
[WhiteElo "1700"]
[BlackElo "1605"]
[PlyCount "65"]
[EventDate "1994.??.??"]

{5/(52)} 1. d4 f5 2. c4 e6 3. Nc3 Bb4 4. a3 Bd6 5. Nf3 b6 6. e3 Bb7 7. d5 Nf6
8. Be2 O-O 9. O-O Ne4 10. Nxe4 fxe4 11. Ne1 Na6 12. b4 Rf5 13. Bb2 exd5 14. Bg4
Rf7 15. cxd5 Qe7 16. f3 exf3 17. Rxf3 Rxf3 18. Qxf3 Rf8 19. Qe2 Bxd5 20. Rd1
Be6 21. Bxe6+ Qxe6 22. Bd4 Nb8 23. Nf3 Nc6 24. Ng5 Qh6 25. Qc4+ Kh8 26. Nf7+
Rxf7 27. Qxf7 Qxh2+ 28. Kf1 Qh1+ 29. Kf2 Qh4+ 30. Ke2 Nxd4+ 31. Rxd4 Qg3 32.
Qe8+ Bf8 33. Qxf8# 1-0

[Event "Detroit (MOR/1a/16)"]
[Site "?"]
[Date "1994.??.??"]
[Round "?"]
[White "Robes, S."]
[Black "Leaman, P."]
[Result "0-1"]
[WhiteElo "1700"]
[BlackElo "1605"]
[PlyCount "82"]
[EventDate "1994.??.??"]

1. Nf3 Nc6 2. d4 d5 3. g3 Nf6 4. Bg2 e6 5. Bg5 h6 6. Bf4 Bd6 7. Ne5 Bd7 8. O-O
Nh5 9. Nxc6 Bxc6 10. Bxd6 Qxd6 11. e4 g6 12. e5 Qb4 13. b3 O-O-O 14. c3 Qe7 15.
Nd2 Ng7 16. Rc1 Kb8 17. c4 Nf5 18. Nf3 dxc4 19. bxc4 Bxf3 20. Bxf3 Nxd4 21. Bg2
Nc6 22. Qb3 Qb4 23. Rb1 Qxb3 24. Rxb3 Ka8 25. f4 h5 26. Rfb1 Rb8 27. a4 Na5 28.
Rc3 c6 29. Rd1 Rhd8 30. Rd6 Rxd6 31. exd6 c5 32. Kf2 Rd8 33. Rd3 Nxc4 34. d7
Nb6 35. a5 Rxd7 36. Rc3 Na4 37. Ra3 Rd4 38. a6 Kb8 39. Bxb7 Rb4 40. Rd3 Kc7 41.
Ke3 Nb2 0-1

[Event "Detroit (MOR/3/57)"]
[Site "?"]
[Date "1994.??.??"]
[Round "?"]
[White "Robes, S."]
[Black "Choate, Dan"]
[Result "1-0"]
[WhiteElo "1700"]
[BlackElo "1605"]
[PlyCount "113"]
[EventDate "1994.??.??"]

{3/(57)} 1. d4 d5 2. Nf3 Nc6 3. c4 dxc4 4. e4 Bg4 5. Bxc4 e6 6. Bb5 Bb4+ 7. Nc3
Bxc3+ 8. bxc3 Qd6 9. Qd3 O-O-O 10. e5 Qe7 11. a4 Na5 12. Ba3 c5 13. Bxc5 Qxc5
14. dxc5 Rxd3 15. Bxd3 Nb3 16. Rb1 Nxc5 17. Bc2 Bf5 18. Bxf5 exf5 19. O-O Nxa4
20. Rb4 Nc5 21. Rc4 b6 22. Nd4 Ne7 23. Nb5 Kb8 24. Ra1 a5 25. Rb1 Nc8 26. Nd6
Ka7 27. Nb5+ Kb7 28. Nd6+ Nxd6 29. Rxc5 Ne4 30. Rcb5 Kc7 31. Rxb6 Nc5 32. R6b5
Kc6 33. c4 Nd7 34. Rd1 Re8 35. f4 f6 36. Rxa5 fxe5 37. fxe5 Rxe5 38. Ra6+ Nb6
39. Rb1 Kc5 40. Rb5+ Kd4 41. Rxe5 Kxe5 42. Rxb6 Kd4 43. Rc6 g5 44. Kf2 g4 45.
Kg3 h5 46. Kf4 h4 47. Kxf5 g3 48. h3 Ke3 49. Kg4 Kf2 50. Kxh4 Kxg2 51. Rg6 Kh2
52. Rxg3 Kh1 53. Rc3 Kg2 54. c5 Kf2 55. c6 Ke2 56. c7 Kd2 57. c8=Q 1-0